| 000 | 01019cam a2200277 i 4500 | ||
|---|---|---|---|
| 003 | SA-RiAUC | ||
| 005 | 20241223070156.0 | ||
| 008 | 241219s1999 ua g b 00010 ara c | ||
| 020 | _a9773140334 | ||
| 040 |
_aSA-JeALM _bara _cSA-RiAUC _erda |
||
| 043 | _af-ua--- | ||
| 082 | 0 | 4 |
_a307.76 _qSA-RiAUC |
| 090 |
_a307.76 _bن ا ص |
||
| 100 | 1 |
_aناصف، سعيد أمين، _d1959- _eمؤلف. |
|
| 245 | 1 | 2 |
_aالمدينة الإسلامية : _bدراسة في نشأة التحضر / _cسعيد ناصف. |
| 264 | 1 |
_aالقاهرة : _bمكتبة زهراء الشرق، _c1999 |
|
| 300 |
_a272 صفحة ؛ _c23 سم |
||
| 336 |
_aنص _btxt _2rdacontent _3كتاب |
||
| 337 |
_aبدون وسيط _bn _2rdamedia |
||
| 338 |
_aمجلد _bnc _2rdacarrier |
||
| 504 | _aببليوجرافية : صفحة 262-272. | ||
| 504 | _aيشتمل على إرجاعات ببليوجرافية. | ||
| 650 | 7 |
_aعلم الاجتماع الحضري _2aucsh |
|
| 942 |
_2ddc _cBOOK _n0 |
||
| 949 |
_aSA-JeALM _d241219 _uosman123 _n1 |
||
| 999 |
_c3795 _d3795 |
||